MARC
LEADER
00000nam2a2200000 4500
001
222451
005
20231101230450.0
035
|a (RuTPU)RU\TPU\book\242663
035
|a RU\TPU\book\242606
090
|a 222451
100
|a 20120925d1971 km y0rusy50 ca
101
0
|a rus
102
|a RU
105
|a a z 001zy
200
0
|a Вып. 15: Актуальные вопросы экономики Севера
210
|d 1971
215
|a 258 с.
|c ил.
320
|a Библиография в конце статей
461
1
|0 (RuTPU)RU\TPU\book\119820
|t Проблемы Севера
|o сборник
|f Академия наук СССР (АН СССР)
|v Вып. 15: Актуальные вопросы экономики Севера
|d 1958-1972
606
1
|a Экономика
|y Россия
|y Север Европейской части
|2 stltpush
|3 (RuTPU)RU\TPU\subj\64428
|9 81326
610
1
|a Крайний Север
610
1
|a Западная Сибирь
610
1
|a хозяйственный комплекс
610
1
|a формирование
610
1
|a уровень жизни
610
1
|a подъем
610
1
|a сфера обслуживания
610
1
|a развитие
610
1
|a торговля
610
1
|a Дальний Восток
610
1
|a северные районы
610
1
|a обслуживание
610
1
|a товары
610
1
|a завоз
610
1
|a овощи
610
1
|a фрукты
686
|a У9(2Р31)
|2 rubbk
801
1
|a RU
|b 63413507
|c 20120903
801
2
|a RU
|b 63413507
|c 20120925
|g RCR
942
|c BK